Asian drama : / (Record no. 939)

MARC details
000 -LEADER
fixed length control field 00716cam a22002411 4500
001 - CONTROL NUMBER
control field BD-DhSAU 939
003 - CONTROL NUMBER IDENTIFIER
control field BD-DhSAU
005 - DATE AND TIME OF LATEST TRANSACTION
control field 20150108004320.0
008 - FIXED-LENGTH DATA ELEMENTS--GENERAL INFORMATION
fixed length control field 711005s1968 -ukab b 000 0 eng
040 ## - CATALOGING SOURCE
Original cataloging agency BD-DhSAU
082 ## - DEWEY DECIMAL CLASSIFICATION NUMBER
Edition number 22
Classification number 330.1
Item number MYA
100 1# - MAIN ENTRY--PERSONAL NAME
Personal name Myrdal, Gunnar,
245 10 - TITLE STATEMENT
Title Asian drama :
Remainder of title an inquiry into the poverty of nations /
Statement of responsibility, etc. Gunnar Myrdal
260 ## - PUBLICATION, DISTRIBUTION, ETC. (IMPRINT)
Place of publication, distribution, etc. England :
Name of publisher, distributor, etc. Penguin Books ;
Date of publication, distribution, etc. c1968.
300 ## - PHYSICAL DESCRIPTION
Extent xxix, 705 p. :
Other physical details ill. , maps. ;
Dimensions 25 cm.
440 ## - SERIES STATEMENT/ADDED ENTRY--TITLE
Volume/sequential designation Vol. 1
504 ## - BIBLIOGRAPHY, ETC. NOTE
Bibliography, etc Bibliographical footnotes.
590 ## - Name of Cataloguer
Name of Cataloger Jerin
650 #2 - SUBJECT ADDED ENTRY--TOPICAL TERM
Topical term or geographic name as entry element Economics
Geographic subdivision Asia.
650 #2 - SUBJECT ADDED ENTRY--TOPICAL TERM
Topical term or geographic name as entry element Poverty
Geographic subdivision Asia.
651 #0 - SUBJECT ADDED ENTRY--GEOGRAPHIC NAME
Geographic name South Asia
General subdivision Economic conditions.
651 #0 - SUBJECT ADDED ENTRY--GEOGRAPHIC NAME
Geographic name Southeast Asia
General subdivision Economic conditions.
942 ## - ADDED ENTRY ELEMENTS (KOHA)
Source of classification or shelving scheme Dewey Decimal Classification
Koha item type Book
Holdings
Withdrawn status Lost status Source of classification or shelving scheme Damaged status Not for loan Home library Branch Name Shelving location Date acquired Total Checkouts Full call number Barcode Date last seen Price effective from Koha item type
    Dewey Decimal Classification     SAU Library SAU Library General Stacks 24/06/1979   330.1 MYA 3062 08/01/2015 08/01/2015 Book
    Dewey Decimal Classification     SAU Library SAU Library General Stacks 27/04/1979   330.1 MYA 3061 18/01/2015 18/01/2015 Book
    Dewey Decimal Classification     SAU Library SAU Library General Stacks 27/04/1979   330.1 MYA 3064 18/01/2015 18/01/2015 Book